| 000 | 00787cam a2200277 i 4500 | ||
|---|---|---|---|
| 999 |
_c200438507 _d56719 |
||
| 001 | 200438507 | ||
| 003 | TR-AnTOB | ||
| 005 | 20200812093115.0 | ||
| 007 | ta | ||
| 008 | 060821s1996 tu 10 tur tur | ||
| 022 | _213004174 | ||
| 040 |
_aTR-AnTOB _beng _erda _cTR-AnTOB |
||
| 041 | 0 | _atur | |
| 050 | 1 | 0 |
_aKKX471 _b.Y46 1996 |
| 090 |
_aKKX471 _b.Y46 1996 |
||
| 245 | 0 | 0 |
_aYeni Türkiye : _byargı reformu özel sayısı. |
| 246 | 3 | 0 | _aYargı reformu özel sayısı. |
| 264 | 1 |
_aAnkara : _bYeni Türkiye Medya Hizmetleri, _c1996. |
|
| 300 |
_a1208 pages ; _c27 cm |
||
| 336 |
_2rdacontent _atext _btxt |
||
| 337 |
_2rdamedia _aunmediated _bn |
||
| 338 |
_2rdacarrier _avolume _bnc |
||
| 500 | _a"Yıl:2 Sayı:10 Temmuz/ Ağusto2 1996" | ||
| 942 |
_cBK _2lcc |
||